000 01249cam a22003497a 4500
001 7899721
003 USPCAS-E
005 20180118181413.0
006 m d
007 cr n
008 060425s2005 maua sb 001 0 eng d
020 _a1402081332 (alk. paper)
035 _a(WaSeSS)ssj0000072153
040 _aNED
_cNED
_dOHX
_dBAKER
_dDLC
_dWaSeSS
042 _alccopycat
050 4 _aTA418.9.C6
_bH316 2005
072 7 _aTP
_2lcco
082 0 0 _a620.14
_222
_bHAN 2005
210 1 0 _aHandbook of ceramic composites
245 0 0 _aHandbook of ceramic composites
_h[electronic resource] /
_cedited by Narottam P. Bansal.
260 _aBoston :
_bKluwer Academic Publishers,
_cc2005.
502 _a0
504 _aIncludes bibliographical references and index.
506 _aLicense restrictions may limit access.
650 0 _aCeramic-matrix composites.
650 0 _aCeramics.
700 1 _aBansal, Narottam P.
773 0 _tSpringerLink ebooks - Chemistry and Materials Science (2005)
856 4 0 _uhttp://www.columbia.edu/cgi-bin/cul/resolve?clio7899721
_zFull text available from SpringerLink ebooks - Chemistry and Materials Science (2005)
910 _aLibrary of Congress record
942 _2ddc
_cBK
999 _c355790
_d355790